000 00546nam a22002057a 4500
003 OSt
005 20220812101421.0
008 220812b |||||||| |||| 00| 0 eng d
020 _a9781584887843
040 _cIFM Library
082 _a519. 502855133
100 _aGeoff, Der
_95492
245 _aA Handbook of Statistical Analyses Using SAS
250 _a3rd ed.
260 _aUSA
_bChapman &Hall/ CRC
_c2009
300 _axvi, 400p.;
_bill.; 24cm.
500 _aIncludes Index
700 _aBrian, S. Everitt
_95493
942 _cBK
_2ddc
_n0
999 _c20693
_d20693